Premier League Winners - Sudden Death - Statistics

General Stats
  • This quiz has been taken 58 times
  • The average score is 7 of 10
Answers on the Grid
Answers color-coded by a green-red scale on the quiz's grid according to % correct below.
Alan Shearer
Thierry Henry
Wayne Rooney
Sergio Agüero
Frank Lampard
Paul Scholes
Vincent Kompany
John Terry
Ryan Giggs
Mohammad Salah
Harry Kane
Steven Gerrard
Gareth Bale
Xabi Alonso
Luis Suarez
Son Heung Min
Les Ferdinand
Matt Le Tissier
Jamie Carragher
Gianfranco Zola
 
Answer Stats
Answer % Correct
Mohammad Salah
83%
Vincent Kompany
81%
Sergio Agüero
79%
Ryan Giggs
77%
Wayne Rooney
77%
Paul Scholes
75%
Frank Lampard
73%
John Terry
71%
Thierry Henry
69%
Alan Shearer
56%
No matching quizzes found
Score Distribution
Percent of People with Each Score
Percentile by Number Answered
Your Score History
You have not taken this quiz